<?xml version="1.0" encoding="UTF-8"?>
<collection xmlns="http://www.loc.gov/MARC21/slim">
 <record>
  <leader>02653nam a22003257a 4500</leader>
  <controlfield tag="001">NCT_4_016214</controlfield>
  <controlfield tag="008">250117b        xxu||||| |||| 00| 0 vie d</controlfield>
  <datafield tag="999" ind1=" " ind2=" ">
   <subfield code="c">8774</subfield>
   <subfield code="d">8774</subfield>
  </datafield>
  <datafield tag="020" ind1=" " ind2=" ">
   <subfield code="a">9786048047771</subfield>
   <subfield code="c">198000</subfield>
  </datafield>
  <datafield tag="082" ind1="0" ind2="4">
   <subfield code="2">23rd ed.</subfield>
   <subfield code="a">004.678</subfield>
   <subfield code="b">W38</subfield>
  </datafield>
  <datafield tag="100" ind1="1" ind2=" ">
   <subfield code="a">Windpassinger, Nicolas</subfield>
  </datafield>
  <datafield tag="245" ind1="1" ind2="0">
   <subfield code="a">Internet Vạn Vật (IoT) :</subfield>
   <subfield code="b">Chuyển đổi số hay là chết = Internet of things : digitize or die</subfield>
   <subfield code="c">Nicolas Windpassinger ; Hồ Thị Hương Giang, Nguyễn Thị Ngân Hà (Biên dịch) ; Vũ Minh Khương (Hiệu đính)</subfield>
  </datafield>
  <datafield tag="260" ind1=" " ind2=" ">
   <subfield code="a">H.</subfield>
   <subfield code="b">Thông tin và Truyền thông</subfield>
   <subfield code="c">2020</subfield>
  </datafield>
  <datafield tag="300" ind1=" " ind2=" ">
   <subfield code="a">311 tr.</subfield>
   <subfield code="b">Minh hoạ</subfield>
   <subfield code="c">21 cm</subfield>
  </datafield>
  <datafield tag="520" ind1="3" ind2=" ">
   <subfield code="a">Trình bày tác động của Internet Vạn Vật (IoT) đến sự thay đổi phương thức hoạt động của các doanh nghiệp với các chiến lược tái thiết, chiến lược chiếm lĩnh thị trường... Giới thiệu các bước cụ thể, từ lập danh mục đầu tư cho đến chuyển đổi mô hình kinh doanh và tổ chức đối với các cơ quan, doanh nghiệp trong chiến lược chuyển đổi số nhằm nắm bắt cơ hội của cuộc cách mạng số để chiến thắng mọi cuộc cạnh tranh</subfield>
  </datafield>
  <datafield tag="653" ind1=" " ind2=" ">
   <subfield code="a">Truyền thông đa phương tiện</subfield>
  </datafield>
  <datafield tag="700" ind1="1" ind2=" ">
   <subfield code="a">Hồ Thị Hương Giang</subfield>
   <subfield code="e">Biên dịch</subfield>
  </datafield>
  <datafield tag="700" ind1="1" ind2=" ">
   <subfield code="a">Nguyễn Thị Ngân Hà</subfield>
   <subfield code="e">Biên dịch</subfield>
  </datafield>
  <datafield tag="700" ind1="1" ind2=" ">
   <subfield code="a">Vũ Minh Khương</subfield>
   <subfield code="e">Hiệu đính</subfield>
  </datafield>
  <datafield tag="700" ind1="1" ind2=" ">
   <subfield code="a">Tô Thị Thu Hương</subfield>
   <subfield code="e">Hiệu đính</subfield>
  </datafield>
  <datafield tag="700" ind1="1" ind2=" ">
   <subfield code="a">Trần Vũ Thưởng</subfield>
   <subfield code="e">Hiệu đính</subfield>
  </datafield>
  <datafield tag="700" ind1="1" ind2=" ">
   <subfield code="a">Nguyễn Huy Dũng</subfield>
   <subfield code="e">Hiệu đính</subfield>
  </datafield>
  <datafield tag="700" ind1="1" ind2=" ">
   <subfield code="a">Nguyễn Thanh Lâm</subfield>
   <subfield code="e">Hiệu đính</subfield>
  </datafield>
  <datafield tag="942" ind1=" " ind2=" ">
   <subfield code="2">ddc</subfield>
   <subfield code="c">BK</subfield>
  </datafield>
  <datafield tag="952" ind1=" " ind2=" ">
   <subfield code="0">0</subfield>
   <subfield code="1">0</subfield>
   <subfield code="2">ddc</subfield>
   <subfield code="4">0</subfield>
   <subfield code="6">004_678000000000000_W38</subfield>
   <subfield code="7">0</subfield>
   <subfield code="9">30150</subfield>
   <subfield code="a">000001</subfield>
   <subfield code="b">000001</subfield>
   <subfield code="d">2025-01-17</subfield>
   <subfield code="o">004.678 W38</subfield>
   <subfield code="p">MD.23363</subfield>
   <subfield code="r">2025-01-17</subfield>
   <subfield code="v">198000.00</subfield>
   <subfield code="w">2025-01-17</subfield>
   <subfield code="y">BK</subfield>
  </datafield>
  <datafield tag="952" ind1=" " ind2=" ">
   <subfield code="0">0</subfield>
   <subfield code="1">0</subfield>
   <subfield code="2">ddc</subfield>
   <subfield code="4">0</subfield>
   <subfield code="6">004_678000000000000_W38</subfield>
   <subfield code="7">0</subfield>
   <subfield code="9">30151</subfield>
   <subfield code="a">000001</subfield>
   <subfield code="b">000001</subfield>
   <subfield code="d">2025-01-17</subfield>
   <subfield code="o">004.678 W38</subfield>
   <subfield code="p">MD.23364</subfield>
   <subfield code="r">2025-01-17</subfield>
   <subfield code="v">198000.00</subfield>
   <subfield code="w">2025-01-17</subfield>
   <subfield code="y">BK</subfield>
  </datafield>
  <datafield tag="952" ind1=" " ind2=" ">
   <subfield code="0">0</subfield>
   <subfield code="1">0</subfield>
   <subfield code="2">ddc</subfield>
   <subfield code="4">0</subfield>
   <subfield code="6">004_678000000000000_W38</subfield>
   <subfield code="7">0</subfield>
   <subfield code="9">30152</subfield>
   <subfield code="a">000001</subfield>
   <subfield code="b">000001</subfield>
   <subfield code="d">2025-01-17</subfield>
   <subfield code="o">004.678 W38</subfield>
   <subfield code="p">MD.23365</subfield>
   <subfield code="r">2025-01-17</subfield>
   <subfield code="v">198000.00</subfield>
   <subfield code="w">2025-01-17</subfield>
   <subfield code="y">BK</subfield>
  </datafield>
  <datafield tag="952" ind1=" " ind2=" ">
   <subfield code="0">0</subfield>
   <subfield code="1">0</subfield>
   <subfield code="2">ddc</subfield>
   <subfield code="4">0</subfield>
   <subfield code="6">004_678000000000000_W38</subfield>
   <subfield code="7">0</subfield>
   <subfield code="9">30153</subfield>
   <subfield code="a">000001</subfield>
   <subfield code="b">000001</subfield>
   <subfield code="d">2025-01-17</subfield>
   <subfield code="o">004.678 W38</subfield>
   <subfield code="p">MD.23366</subfield>
   <subfield code="r">2025-01-17</subfield>
   <subfield code="v">198000.00</subfield>
   <subfield code="w">2025-01-17</subfield>
   <subfield code="y">BK</subfield>
  </datafield>
  <datafield tag="952" ind1=" " ind2=" ">
   <subfield code="0">0</subfield>
   <subfield code="1">0</subfield>
   <subfield code="2">ddc</subfield>
   <subfield code="4">0</subfield>
   <subfield code="6">004_678000000000000_W38</subfield>
   <subfield code="7">0</subfield>
   <subfield code="9">30926</subfield>
   <subfield code="a">000001</subfield>
   <subfield code="b">000001</subfield>
   <subfield code="d">2025-06-23</subfield>
   <subfield code="o">004.678 W38</subfield>
   <subfield code="p">MD.19827</subfield>
   <subfield code="r">2025-06-23</subfield>
   <subfield code="v">198000.00</subfield>
   <subfield code="w">2025-06-23</subfield>
   <subfield code="y">BK</subfield>
  </datafield>
  <datafield tag="980" ind1=" " ind2=" ">
   <subfield code="a">Thư viện Trường Đại học Nam Cần Thơ</subfield>
  </datafield>
 </record>
</collection>
<br />
<b>Notice</b>:  fwrite(): write of 436 bytes failed with errno=28 No space left on device in <b>C:\vufind\module\VuFind\src\VuFind\Session\File.php</b> on line <b>152</b><br />
Cannot write session to C:\Windows\TEMP\vufind_sessions/sess_lmk5ur6vc96nvrsbppbd5emnu7
<br />
<b>Warning</b>:  session_write_close(): Failed to write session data using user defined save handler. (session.save_path: \xampp\tmp) in <b>C:\vufind\vendor\laminas\laminas-session\src\SessionManager.php</b> on line <b>235</b><br />
